000 00902 a2200205 4500
003 Nust
005 20170207153454.0
010 _a 2007376517
020 _a9690013718
020 _a9789690013712
040 _cNust
082 _a920
100 1 _aAhmad, S. M.
245 1 2 _aA lucky pilot :
_bmemoirs of Retired Wing Commander Lanky Ahmad /
_cS.M. Ahmad.
250 _a2nd rev. ed.
260 _aLahore :
_bFerozsons,
_c2001.
300 _a177 p. :
_bill. ;
_c22 cm.
505 _a1945-95 (Page-13) 1947 (page-24) 1947 (page-28) 1948 (page-31) 1948 (page-35) 1948 (Page-46) 1949 (page-49) 1949 (page-54) 1950 (page-57) 1949-1951 (Page-61) 1951 (Page-69) 1951 (page-74) 1950-1952 (Page-88) 1952 (Page-100) 1955(Page-109) 1957 (Page-127) 1964 (page-139) 1965 (page-143) 1969(Page-147) 1961-68(Page-152) 1995 (page-157) 1996 (page-163) 1996 (page-163) 1999(Page-170)
538 _aAlmirah No.60 Shelf No.2
942 _2ddc
_cBK
999 _c187018
_d187018